[Event "RSA-chT U10"]
[Site "Cape Town"]
[Date "2016.01.05"]
[Round "3.8"]
[White "Smuts, Ruan"]
[Black "Wessels, Mieke"]
[Result "1-0"]
[WhiteElo "890"]
[BlackElo "626"]
[PlyCount "37"]
[EventDate "2016.01.04"]
[EventType "team-tourn"]
[EventRounds "7"]
[EventCountry "RSA"]
[SourceTitle "CBM 170 Extra"]
[Source "ChessBase"]
[SourceDate "2016.02.25"]
[SourceVersion "1"]
[SourceVersionDate "2016.02.25"]
[SourceQuality "1"]
[WhiteTeam "Tshwane"]
[BlackTeam "Ekurhuleni"]
[WhiteTeamCountry "RSA"]
[BlackTeamCountry "RSA"]

1. e4 e5 2. Nf3 Nc6 3. Bc4 Nf6 4. Nc3 Bc5 5. h3 0-0 6. 0-0 h6 7. d3 b6 8. Be3 Bd6 9. Nd5 Nxd5 10. Bxd5 Qe7 11. Bxc6 dxc6 12. d4 c5 13. dxe5 Bxe5 14. Nxe5 Qxe5 15. Qf3 Bb7 16. Qg4 a5 17. Bxh6 Qe7 18. f3 Qf6 19. Be3 1-0

[Event "RSA-chT U10"]
[Site "Cape Town"]
[Date "2016.01.04"]
[Round "1.8"]
[White "Smuts, Ruan"]
[Black "Smith, Hasan"]
[Result "1/2-1/2"]
[WhiteElo "890"]
[BlackElo "1002"]
[PlyCount "46"]
[EventDate "2016.01.04"]
[EventType "team-tourn"]
[EventRounds "7"]
[EventCountry "RSA"]
[SourceTitle "CBM 170 Extra"]
[Source "ChessBase"]
[SourceDate "2016.02.25"]
[SourceVersion "1"]
[SourceVersionDate "2016.02.25"]
[SourceQuality "1"]
[WhiteTeam "Tshwane"]
[BlackTeam "Western Province"]
[WhiteTeamCountry "RSA"]
[BlackTeamCountry "RSA"]

1. e4 e5 2. Nf3 Nc6 3. Bc4 Bc5 4. Nc3 d5 5. d3 h6 6. h3 Nf6 7. 0-0 0-0 8. Be3 Bb6 9. Bxb6 axb6 10. Nxd5 Nxd5 11. Bxd5 Be6 12. Bxc6 bxc6 13. a3 Qf6 14. Qd2 Bxh3 15. gxh3 Qxf3 16. Kh2 b5 17. Rfe1 Qf4+ 18. Qxf4 exf4 19. e5 Rfe8 20. d4 Re7 21. Rg1 Re6 22. Rg4 f6 23. exf6 Rxf6 1/2-1/2